| 000 | 00481nam a2200181Ia 4500 | ||
|---|---|---|---|
| 005 | 20250326141642.0 | ||
| 008 | 250326s9999 xx 000 0 und d | ||
| 037 | _aTextbook | ||
| 040 |
_aFMSL _beng _cFMSL |
||
| 041 |
_aeng _2eng |
||
| 084 | _qFMSL | ||
| 100 |
_aPopli R S _9744834 |
||
| 245 | 0 |
_aTrade fair management and exhibit marketing _cPopli R S |
|
| 260 |
_aNew Delhi _bNew Delhi, Deep & Deep _c1990 |
||
| 300 | _a230p | ||
| 942 | _cTB | ||
| 999 |
_c1291322 _d1291322 |
||